000 01397cam a22003614a 4500
001 13136105
005 20260413093307.0
008 030325s2004 enka b 001 0 eng
010 _a 2003048623
020 _a0195146743
020 _a9780195146745
035 _a13136105
040 _aDLC
_cDLC
_dDLC
042 _apcc
050 0 0 _aRB155.5
_b.H86 2004
082 0 0 _a616/.042
_221
245 0 0 _aHuman genome epidemiology :
_ba scientific foundation for using genetic information to improve health and prevent disease /
260 _aOxford ;
_aNew York :
_bOxford University Press,
_c2004.
300 _axix, 549 p. :
_bill. ;
_c24 cm.
504 _aIncludes bibliographical references and index.
650 0 _aGenetic disorders
_xEpidemiology.
650 0 _aMedical genetics
_xMethodology.
650 0 _aGenomics.
700 1 _aKhoury, Muin J.
700 1 _aLittle, Julian.
700 1 _aBurke, Wylie.
856 4 2 _3Publisher description
_uhttp://www.loc.gov/catdir/enhancements/fy0614/2003048623-d.html
856 4 1 _3Table of contents only
_uhttp://www.loc.gov/catdir/enhancements/fy0614/2003048623-t.html
906 _a7
_bcbc
_corignew
_d1
_eocip
_f20
_gy-gencatlg
942 _2lcc
_cBK
999 _c60338
_d60338